Casa de papel 2 - Statistics

Estatísticas Gerais
  • Esse quiz foi jogado 65 vezes
  • A pontuação média é 12 de 21
Estatísticas das Respostas
Hint Resposta % Correto
Quantas temporadas tem La casa de papel? 5
98%
Em que país se passa a série? Espanha
98%
Quem é o personagem que planeou todo o assalto? Professor
98%
Em que ano foi lançado La casa de papel? 2017
97%
Em que se baseia o nome dos personagens? Cidades
95%
Em que temporada Nairobi leva um tiro no peito? 3
90%
Qual foi o primeiro assalto do gangue? Casa da Moeda
89%
Por quem está apaixonado o Professor? Lisboa
89%
Por quem se apaixona Mónica durante o primeiro assalto? Denver
80%
Quem é que morre logo após a volta triunfal de Tóquio para a Casa da Moeda? Moscou
66%
Quem é o primeiro criminoso a descobrir que Monica está escondida? Nairóbi
54%
Onde é que a inspetora Raquel e o Professor se viram pela primeira vez? Café
49%
A mãe da Raquel tinha qual doença crónica? Alzheimer
46%
Quantos reféns foram feitos na Casa da Moeda? 67
41%
Qual o nome real do Professor na série? Sérgio Marquina
31%
Em que lugar Tóquio encontra o professor para pedir ajuda para salvar Rio? Tailândia
31%
Qual é o nome da mulher com quem o Berlim se casa? Tatiana
28%
Qual o nome verdadeiro da Tóquio? Silene Oliveira
25%
Quantos euros foram impressos na Casa da Moeda? 984 milhões
15%
Quais são os nomes do planos executados pelos assaltantes? Valência e Chernobyl
10%
Qual é o nome real do Moscou na série? Agustín Ramos
8%
Nenhum quiz correspondente encontrado
Distribuição das Pontuações
Porcentagem de Pessoas com Cada Pontuação
Percentil de Números Respondidos
Sua Pontuação Histórica
Você não jogou esse quiz